<?xml version="1.0" encoding="UTF-8"?>
<record
    xmlns:xsi="http://www.w3.org/2001/XMLSchema-instance"
    xsi:schemaLocation="http://www.loc.gov/MARC21/slim http://www.loc.gov/standards/marcxml/schema/MARC21slim.xsd"
    xmlns="http://www.loc.gov/MARC21/slim">

  <leader>00841nab a2200229 uc4500</leader>
  <controlfield tag="001">698374</controlfield>
  <controlfield tag="005">20240201164201.0</controlfield>
  <controlfield tag="008">011009e19990801                    spa  </controlfield>
  <datafield tag="035" ind1=" " ind2=" ">
    <subfield code="a">698374</subfield>
  </datafield>
  <datafield tag="035" ind1=" " ind2=" ">
    <subfield code="a">(OCoLC)819919001</subfield>
  </datafield>
  <datafield tag="040" ind1=" " ind2=" ">
    <subfield code="c">comduadb</subfield>
  </datafield>
  <datafield tag="041" ind1=" " ind2=" ">
    <subfield code="a">spa</subfield>
  </datafield>
  <datafield tag="100" ind1="1" ind2="0">
    <subfield code="a">Villa F., Alberto</subfield>
    <subfield code="4">aut</subfield>
    <subfield code="e">aut</subfield>
    <subfield code="9">345672</subfield>
  </datafield>
  <datafield tag="245" ind1="1" ind2="0">
    <subfield code="a">Evolucion de la morbilidad  en el servicio de urgencias de la Empresa Social del Estado de Cuba en el periodo 1995-1998</subfield>
  </datafield>
  <datafield tag="650" ind1=" " ind2=" ">
    <subfield code="a">Morbilidad</subfield>
    <subfield code="9">21749</subfield>
  </datafield>
  <datafield tag="650" ind1=" " ind2=" ">
    <subfield code="a">Infecci&#xF3;n respiratoria aguda (IRA)</subfield>
    <subfield code="9">101262</subfield>
  </datafield>
  <datafield tag="650" ind1=" " ind2=" ">
    <subfield code="a">Enfermedad diarreica aguda (EDA)</subfield>
    <subfield code="9">75111</subfield>
  </datafield>
  <datafield tag="650" ind1=" " ind2=" ">
    <subfield code="a">Pereira (Risaralda)</subfield>
    <subfield code="9">20815</subfield>
  </datafield>
  <datafield tag="650" ind1=" " ind2="7">
    <subfield code="a">Heridas y lesiones</subfield>
    <subfield code="2">dcs</subfield>
    <subfield code="9">33486</subfield>
  </datafield>
  <datafield tag="773" ind1="0" ind2=" ">
    <subfield code="t">Revista Epidemiol&#xF3;gica de Pereira (Pereira)</subfield>
    <subfield code="g">Vol. 02, No. 02, Ago. 1999, p. 43-48</subfield>
    <subfield code="w">667977</subfield>
    <subfield code="x">0124-4787</subfield>
    <subfield code="0">202860</subfield>
  </datafield>
  <datafield tag="942" ind1=" " ind2=" ">
    <subfield code="c">ARIMP</subfield>
  </datafield>
  <datafield tag="999" ind1=" " ind2=" ">
    <subfield code="c">212299</subfield>
    <subfield code="d">212299</subfield>
  </datafield>
</record>
